<?xml version="1.0" encoding="UTF-8"?>
<record
    xmlns:xsi="http://www.w3.org/2001/XMLSchema-instance"
    xsi:schemaLocation="http://www.loc.gov/MARC21/slim http://www.loc.gov/standards/marcxml/schema/MARC21slim.xsd"
    xmlns="http://www.loc.gov/MARC21/slim">

  <leader>01171cam a2200361 a 4500</leader>
  <datafield tag="999" ind1=" " ind2=" ">
    <subfield code="c">23324</subfield>
    <subfield code="d">23324</subfield>
  </datafield>
  <controlfield tag="001">vtls010635694</controlfield>
  <controlfield tag="005">20221003072844.0</controlfield>
  <controlfield tag="008">160429s2014    xo     e      000 f slo  </controlfield>
  <datafield tag="020" ind1=" " ind2=" ">
    <subfield code="a">9788081423352 (viaz.)</subfield>
  </datafield>
  <datafield tag="035" ind1=" " ind2=" ">
    <subfield code="a">6D89324E-F17B-4439-9092-C9E9D52B8785</subfield>
  </datafield>
  <datafield tag="035" ind1=" " ind2=" ">
    <subfield code="a">urn:nbn:sk:snk-amjp39</subfield>
  </datafield>
  <datafield tag="035" ind1=" " ind2=" ">
    <subfield code="a">urn:nbn:sk:snk-am002h7n</subfield>
  </datafield>
  <datafield tag="040" ind1=" " ind2=" ">
    <subfield code="a">TVZK</subfield>
    <subfield code="b">slo</subfield>
    <subfield code="c">TVZK</subfield>
    <subfield code="d">SVKBB</subfield>
    <subfield code="d">SNK</subfield>
    <subfield code="e">AACR2</subfield>
  </datafield>
  <datafield tag="041" ind1="1" ind2=" ">
    <subfield code="a">slo</subfield>
    <subfield code="h">swe</subfield>
  </datafield>
  <datafield tag="044" ind1=" " ind2=" ">
    <subfield code="a">xo</subfield>
    <subfield code="c">SK</subfield>
  </datafield>
  <datafield tag="072" ind1=" " ind2="7">
    <subfield code="a">821.11</subfield>
    <subfield code="x">Germ&#xE1;nske literat&#xFA;ry</subfield>
    <subfield code="2">konspekt</subfield>
  </datafield>
  <datafield tag="080" ind1=" " ind2=" ">
    <subfield code="a">821.113.6-31</subfield>
    <subfield code="2">2001</subfield>
  </datafield>
  <datafield tag="080" ind1=" " ind2=" ">
    <subfield code="a">(0:82-312.4)</subfield>
    <subfield code="2">2001</subfield>
  </datafield>
  <datafield tag="100" ind1="1" ind2=" ">
    <subfield code="a">Zander, Joakim,</subfield>
    <subfield code="d">1975-</subfield>
    <subfield code="9">3323</subfield>
  </datafield>
  <datafield tag="240" ind1="1" ind2="0">
    <subfield code="a">Simmaren</subfield>
    <subfield code="l">Slovensky</subfield>
  </datafield>
  <datafield tag="245" ind1="1" ind2="0">
    <subfield code="a">Plavec</subfield>
    <subfield code="c">Joakim Zander ; [preklad Jana Melich&#xE1;rkov&#xE1;]</subfield>
  </datafield>
  <datafield tag="250" ind1=" " ind2=" ">
    <subfield code="a">1. vyd.</subfield>
  </datafield>
  <datafield tag="260" ind1=" " ind2=" ">
    <subfield code="a">Bratislava</subfield>
    <subfield code="b">Fortuna Libri</subfield>
    <subfield code="c">2014</subfield>
  </datafield>
  <datafield tag="300" ind1=" " ind2=" ">
    <subfield code="a">382 s.</subfield>
    <subfield code="c">22 cm</subfield>
  </datafield>
  <datafield tag="655" ind1=" " ind2="7">
    <subfield code="a">&#x161;v&#xE9;dske rom&#xE1;ny</subfield>
    <subfield code="2">SNKPH</subfield>
    <subfield code="9">1715</subfield>
  </datafield>
  <datafield tag="655" ind1=" " ind2="7">
    <subfield code="a">Swedish fiction</subfield>
    <subfield code="2">SNKPHeng</subfield>
    <subfield code="9">1716</subfield>
  </datafield>
  <datafield tag="655" ind1=" " ind2="7">
    <subfield code="a">trilery (rom&#xE1;ny)</subfield>
    <subfield code="2">SNKPH</subfield>
    <subfield code="9">2135</subfield>
  </datafield>
  <datafield tag="655" ind1=" " ind2="7">
    <subfield code="a">Thrillers (novels)</subfield>
    <subfield code="2">SNKPHeng</subfield>
    <subfield code="9">1722</subfield>
  </datafield>
  <datafield tag="700" ind1="1" ind2=" ">
    <subfield code="a">Melich&#xE1;rkov&#xE1;, Jana</subfield>
    <subfield code="c">(prekladate&#x13E;ka)</subfield>
    <subfield code="4">trl</subfield>
    <subfield code="9">2527</subfield>
  </datafield>
  <datafield tag="958" ind1=" " ind2=" ">
    <subfield code="a">LX</subfield>
  </datafield>
  <datafield tag="958" ind1=" " ind2=" ">
    <subfield code="a">UP</subfield>
  </datafield>
  <datafield tag="952" ind1=" " ind2=" ">
    <subfield code="0">0</subfield>
    <subfield code="1">0</subfield>
    <subfield code="2">udc</subfield>
    <subfield code="4">0</subfield>
    <subfield code="7">0</subfield>
    <subfield code="8">K</subfield>
    <subfield code="a">10000</subfield>
    <subfield code="b">10000</subfield>
    <subfield code="d">2022-10-03</subfield>
    <subfield code="g">0.00</subfield>
    <subfield code="i">21657</subfield>
    <subfield code="o">B10505</subfield>
    <subfield code="p">B10505</subfield>
    <subfield code="r">2022-10-03</subfield>
    <subfield code="w">2022-10-03</subfield>
    <subfield code="y">KLDO</subfield>
  </datafield>
</record>
